[Event "Gipuzkoako Banakako Txapelketa U14"]
[Site "Tolosa"]
[Date "2012.10.28"]
[Round "2.3"]
[White "Fernandez Zubitur, Asier"]
[Black "Otxoa Adurriaga, Oier"]
[Result "1-0"]
[WhiteElo "1649"]
[BlackElo "1642"]
[PlyCount "91"]
[EventDate "2012.10.21"]
[EventType "swiss"]
[EventRounds "5"]
[EventCountry "ESP"]
[SourceTitle "EXT 2024"]
[Source "ChessBase"]
[SourceDate "2023.10.10"]
[SourceVersion "1"]
[SourceVersionDate "2023.10.10"]
[SourceQuality "1"]

1. e4 e5 2. Nf3 Nc6 3. d4 exd4 4. Nxd4 Nf6 5. Nxc6 dxc6 6. Qxd8+ Kxd8 7. Nc3 Bb4 8. Bd3 Re8 9. Bg5 h6 10. Bxf6+ gxf6 11. 0-0-0 Bxc3 12. bxc3 Be6 13. a3 Ke7 14. f4 b5 15. f5 Bc4 16. Bxc4 bxc4 17. Rd4 Rab8 18. Rxc4 Rb6 19. Rb4 c5 20. Rxb6 cxb6 21. Kd2 Kd6 22. Ke3 Rg8 23. Rd1+ Kc6 24. g3 h5 25. Kf4 Rg4+ 26. Kf3 Rg8 27. Re1 Kd6 28. Rd1+ Kc6 29. h3 Rh8 30. Kf4 Rg8 31. Rd3 c4 32. Rd4 b5 33. g4 hxg4 34. hxg4 Rh8 35. e5 fxe5+ 36. Kxe5 Re8+ 37. Kf6 Re2 38. Kxf7 Rxc2 39. Kg7 Rxc3 40. f6 Rd3 41. Rf4 c3 42. Rf1 Rg3 43. f7 Rxg4+ 44. Kf6 c2 45. f8Q c1Q 46. Rxc1+ 1-0

[Event "Gipuzkoako Banakako Txapelketa U14"]
[Site "Tolosa"]
[Date "2012.10.21"]
[Round "1.3"]
[White "Sanchez Ruesga, Carlos"]
[Black "Fernandez Zubitur, Asier"]
[Result "1-0"]
[WhiteElo "1783"]
[BlackElo "1649"]
[PlyCount "79"]
[EventDate "2012.10.21"]
[EventType "swiss"]
[EventRounds "5"]
[EventCountry "ESP"]
[SourceTitle "EXT 2024"]
[Source "ChessBase"]
[SourceDate "2023.10.10"]
[SourceVersion "1"]
[SourceVersionDate "2023.10.10"]
[SourceQuality "1"]

1. e4 e5 2. Nf3 Nc6 3. Nc3 Nf6 4. Bb5 Bc5 5. 0-0 0-0 6. Bxc6 bxc6 7. Nxe5 Re8 8. Nd3 Bd4 9. Re1 Bxc3 10. dxc3 Rxe4 11. Rxe4 Nxe4 12. Qf3 d5 13. Bf4 f6 14. Re1 Rb8 15. Qe3 Bf5 16. g4 Bg6 17. f3 Nd6 18. b3 Kf8 19. Nb4 Qe8 20. Bxd6+ cxd6 21. Qe6 Rd8 22. Nxc6 Qxe6 23. Rxe6 Re8 24. Rxe8+ Kxe8 25. Nxa7 Bxc2 26. Kf2 Bb1 27. a3 Ba2 28. b4 Bc4 29. Nc6 Kd7 30. Nd4 g6 31. a4 Ba6 32. b5 Bb7 33. Ke3 g5 34. Nf5 Ke6 35. Kd4 Bc8 36. Ne3 Bb7 37. a5 Kd7 38. a6 Ba8 39. Nxd5 Ke6 40. Nc7+ 1-0

[Event "Gipuzkoako Banakako Txapelketa"]
[Site "Tolosa"]
[Date "2011.10.23"]
[Round "2.7"]
[White "Fernandez Zubitur, Asier"]
[Black "Arechaga Zubelzu, Mikel"]
[Result "1-0"]
[WhiteElo "1627"]
[BlackElo "1658"]
[PlyCount "57"]
[EventDate "2011.10.16"]
[EventType "swiss"]
[EventRounds "5"]
[EventCountry "ESP"]
[SourceTitle "EXT 2024"]
[Source "ChessBase"]
[SourceDate "2023.10.10"]
[SourceVersion "1"]
[SourceVersionDate "2023.10.10"]
[SourceQuality "1"]

1. e4 e5 2. Nf3 Nc6 3. d4 Bd6 4. Nc3 Nf6 5. Bc4 b6 6. 0-0 Bb7 7. Bg5 h6 8. Bh4 g5 9. Bg3 Qe7 10. h3 0-0-0 11. d5 Nb4 12. a3 Na6 13. b4 Rdg8 14. Qd3 Nb8 15. Nb5 a6 16. Nxd6+ cxd6 17. Rfe1 h5 18. Qc3 Kd8 19. Qe3 h4 20. Qxb6+ Kc8 21. Bh2 g4 22. b5 gxf3 23. bxa6 Rxg2+ 24. Kh1 Ba8 25. a7 Bb7 26. axb8Q+ Kxb8 27. Ba6 Kc8 28. Qxb7+ Kd8 29. Qb8# 1-0